| 000 | 01467cam a2200397 a 4500 | ||
|---|---|---|---|
| 001 | 15070298 | ||
| 003 | Nust | ||
| 005 | 20210727125451.0 | ||
| 008 | 071102s2008 nyu 000 1 eng | ||
| 010 | _a 2007044775 | ||
| 020 |
_a9780749908706 _cRs. 436 |
||
| 035 | _a(OCoLC)ocn166360012 | ||
| 035 | _a(OCoLC)166360012 | ||
| 038 | _aArshad | ||
| 040 |
_aDLC _cDLC _dBTCTA _dBAKER _dYDXCP _dGO3 _dC#P _dVP@ _dDLC |
||
| 043 | _an-us-ny | ||
| 050 | 0 | 0 |
_aPS3568.O243 _bS77 2008 |
| 082 | 0 | 0 |
_a823 _bROB |
| 100 | 1 |
_aRobb, J. D., _d1950- _911420 |
|
| 245 | 1 | 0 |
_aStrangers in death / _cJ.D. Robb. |
| 260 |
_aNew York : _bG.P. Putnam's Sons, _c2008. |
||
| 300 |
_a360 p. ; _c24 cm. |
||
| 563 | _aPaperback. | ||
| 650 | 0 |
_aDallas, Eve (Fictitious character) _vFiction. _911421 |
|
| 650 | 0 |
_aPolice _zNew York (State) _zNew York _vFiction. _911422 |
|
| 650 | 0 |
_aPolicewomen _vFiction. _911423 |
|
| 650 | 0 |
_aBusinessmen _xCrimes against _vFiction. _912077 |
|
| 650 | 0 |
_aRich people _vFiction. _97754 |
|
| 651 | 0 |
_aNew York (N.Y.) _vFiction. _94634 |
|
| 655 | 7 |
_aMystery fiction. _2gsafd _95621 |
|
| 856 | 4 | 2 |
_3Contributor biographical information _uhttp://www.loc.gov/catdir/enhancements/fy0834/2007044775-b.html |
| 856 | 4 | 2 |
_3Publisher description _uhttp://www.loc.gov/catdir/enhancements/fy0834/2007044775-d.html |
| 906 |
_a7 _bcbc _corignew _d1 _eecip _f20 _gy-gencatlg |
||
| 942 |
_2ddc _cBK |
||
| 999 |
_c234418 _d234418 |
||